000
00277nam a2200121Ia 4500
008
151001s9999||||xx |||||||||||||| ||und||
100
_a
राणू
245
_a
पुजारी
250
_a
1
260
_b
डायमंड
300
_a
169
365
_b
18
999
_c
968614
_d
968611